[Event "CAN-op U2000"]
[Site "Montreal CAN"]
[Date "2014.07.20"]
[Round "3"]
[White "Moran-Venegas, Mario"]
[Black "St-Cyr, Xavier"]
[Result "1/2-1/2"]
[WhiteElo "1707"]
[BlackElo "1627"]
[PlyCount "139"]
[EventDate "2014.07.19"]
[EventType "swiss"]
[EventRounds "9"]
[EventCountry "CAN"]

1. e4 e5 2. Nf3 Nc6 3. Bb5 a6 4. Ba4 Nf6 5. d3 b5 6. Bb3 h6 7. c3 Bc5 8. O-O
O-O 9. h3 Bb7 10. Nbd2 d6 11. Re1 Re8 12. Nf1 Ne7 13. Ng3 Ng6 14. a4 c6 15. Nf5
d5 16. Qe2 Bb6 17. Bc2 c5 18. Rd1 d4 19. Bd2 Qd7 20. N3h4 Rac8 21. cxd4 cxd4
22. Bb3 Kh7 23. axb5 axb5 24. Bb4 Ra8 25. Nxg6 fxg6 26. Nd6 Rxa1 27. Rxa1 Ra8
28. Rxa8 Bxa8 29. Qc2 Bc6 30. Nf7 Bc7 31. Qc5 Qe8 32. Qc1 Bb8 33. Bd2 Bd7 34.
Bxh6 Ng8 35. Bd2 Qe7 36. Qe1 Nh6 37. Ng5+ Kh8 38. Bb4 Qxg5 39. Bd2 Qe7 40. Qa1
Bc6 41. Qa5 Qc7 42. Qa3 Qd6 43. Bb4 Qd8 44. Bd2 Bd6 45. Qa2 Qa8 46. Qb1 Be8 47.
Qc1 Bf7 48. Bc2 Kh7 49. Qd1 Qa2 50. Bc1 b4 51. Qd2 Bb3 52. g4 Bxc2 53. Qxc2 b3
54. Qc6 Be7 55. Kg2 Qb1 56. Bxh6 Kxh6 57. Qe6 Qxd3 58. Qxe7 Qxe4+ 59. Kg1 g5
60. Qe6+ Kh7 61. Qxb3 d3 62. Qd1 Qe2 63. Qb1 e4 64. Qf1 Qxb2 65. Qe1 Qe2 66.
Qa5 Qf3 67. Qxg5 Qf6 68. Qh5+ Qh6 69. Qf5+ Qg6 70. Qf4 1/2-1/2

[Event "CAN-op U2000"]
[Site "Montreal CAN"]
[Date "2014.07.20"]
[Round "3"]
[White "Selmani, Sam"]
[Black "Krasnesheky, Valery"]
[Result "1-0"]
[WhiteElo "1647"]
[BlackElo "1802"]
[PlyCount "69"]
[EventDate "2014.07.19"]
[EventType "swiss"]
[EventRounds "9"]
[EventCountry "CAN"]

1. d4 d5 2. c4 Nf6 3. cxd5 Qxd5 4. Nc3 Qa5 5. Bd2 Qb6 6. Nf3 Bf5 7. Na4 Qd6 8.
Qb3 Be4 9. Nc3 Bc6 10. Ne5 e6 11. Nxc6 Nxc6 12. e3 O-O-O 13. Rd1 g6 14. Be2 Bg7
15. Bf3 a6 16. Na4 Nd5 17. Nc5 Nb6 18. Nxb7 Kxb7 19. Rc1 Qe7 20. Rxc6 Rd5 21.
Rc2 Ka7 22. Bxd5 exd5 23. O-O Rb8 24. Bb4 Qd7 25. Bc5 h5 26. Rfc1 Rb7 27. a4
Ka8 28. Bxb6 cxb6 29. Rc6 Ka7 30. Qc2 Bh6 31. Rc7 Qd8 32. Qc6 Qb8 33. Rc8 Bf4
34. Rxb8 Bxb8 35. Qxd5 1-0

[Event "CAN-op U2000"]
[Site "Montreal CAN"]
[Date "2014.07.20"]
[Round "3"]
[White "Villeneuve, Robert"]
[Black "Gauthier, Luc"]
[Result "1/2-1/2"]
[WhiteElo "1993"]
[BlackElo "1781"]
[PlyCount "35"]
[EventDate "2014.07.19"]
[EventType "swiss"]
[EventRounds "9"]
[EventCountry "CAN"]

1. e4 Nf6 2. Nc3 d5 3. exd5 Nxd5 4. Bc4 c6 5. d4 Bf5 6. Qf3 e6 7. Nxd5 cxd5 8.
Bd3 Bxd3 9. Qxd3 Nc6 10. Nf3 Be7 11. O-O O-O 12. Re1 h6 13. c3 Bd6 14. Ne5 Nxe5
15. dxe5 Bc5 16. Qg3 Kh7 17. Qd3+ Kg8 18. Qg3 1/2-1/2

[Event "CAN-op U2000"]
[Site "Montreal CAN"]
[Date "2014.07.21"]
[Round "4"]
[White "Gauthier, Luc"]
[Black "Leblanc, Paul"]
[Result "0-1"]
[WhiteElo "1781"]
[BlackElo "1893"]
[PlyCount "80"]
[EventDate "2014.07.19"]
[EventType "swiss"]
[EventRounds "9"]
[EventCountry "CAN"]

1. e4 c6 2. d4 d5 3. f3 g6 4. Nc3 Bg7 5. Be3 h5 6. h4 dxe4 7. Nxe4 Nh6 8. c3
Nd7 9. Bd3 Qc7 10. Ne2 Nf5 11. Bf2 Bh6 12. Ng5 Nf6 13. Qb3 O-O 14. Bxf5 Bxf5
15. Bg3 Qd7 16. Kf2 a5 17. Be5 a4 18. Qd1 Nd5 19. Bf4 Nxf4 20. Nxf4 Qc7 21. Nd3
f6 22. Ne4 b6 23. Qe2 Rae8 24. Nb4 Kg7 25. Nd3 e5 26. dxe5 fxe5 27. Rhe1 Kh7
28. Kg1 Qe7 29. Qf2 c5 30. c4 Bg7 31. Ng5+ Kg8 32. Qe2 Qd6 33. Nf2 Qd4 34. Nge4
Qd8 35. Ng5 Bf6 36. Nfe4 Bxg5 37. Nxg5 Qd4+ 38. Qf2 Qxc4 39. Ne4 Rd8 40. a3
Bxe4 0-1

[Event "CAN-op U2000"]
[Site "Montreal CAN"]
[Date "2014.07.21"]
[Round "4"]
[White "Johnson-Constantin, Matthieu"]
[Black "Blanchet, Robert"]
[Result "0-1"]
[WhiteElo "1832"]
[BlackElo "1648"]
[PlyCount "92"]
[EventDate "2014.07.19"]
[EventType "swiss"]
[EventRounds "9"]
[EventCountry "CAN"]

1. d4 Nf6 2. c4 g6 3. Nc3 d5 4. Bg5 Ne4 5. Nxe4 dxe4 6. e3 Bg7 7. Qc2 c5 8.
Qxe4 cxd4 9. exd4 Nc6 10. Nf3 Bf5 11. Qf4 h6 12. Bh4 Qa5+ 13. Qd2 Qxd2+ 14.
Kxd2 Nxd4 15. Nxd4 Bxd4 16. Bd3 Rd8 17. Bxf5 Bxf2+ 18. Ke2 Bxh4 19. Be4 O-O 20.
Rad1 b6 21. Rxd8 Rxd8 22. Rd1 e5 23. Rxd8+ Bxd8 24. Kd3 f5 25. Bd5+ Kg7 26. Kc3
Kf6 27. Kb4 e4 28. Kb5 a5 29. b4 axb4 30. Kxb4 Ke5 31. Kc3 Be7 32. Kd2 g5 33.
Ke2 h5 34. Bf7 h4 35. h3 Kd4 36. Be6 Ke5 37. Bf7 Kf4 38. Bg6 g4 39. Kf2 Bc5+
40. Kf1 gxh3 41. gxh3 Ke5 42. Ke2 f4 43. Bf7 f3+ 44. Ke1 Kf4 45. Bh5 e3 46. Bg6
Bb4+ 0-1

[Event "CAN-op U2000"]
[Site "Montreal CAN"]
[Date "2014.07.21"]
[Round "4"]
[White "Robichaud, Nicolas"]
[Black "Zhou, Aiden"]
[Result "0-1"]
[WhiteElo "1715"]
[BlackElo "1485"]
[PlyCount "98"]
[EventDate "2014.07.19"]
[EventType "swiss"]
[EventRounds "9"]
[EventCountry "CAN"]

1. e4 c5 2. Nc3 d6 3. f4 Nc6 4. Nf3 g6 5. Bc4 Bg7 6. O-O e6 7. d3 Nge7 8. Qe1
O-O 9. f5 d5 10. Bb3 Nd4 11. Qh4 Nec6 12. Ng5 h6 13. f6 hxg5 14. Bxg5 Bh8 15.
Qh6 e5 16. Nxd5 Nxb3 17. Ne7+ Nxe7 18. fxe7 Qd4+ 19. Be3 Bg7 20. exf8=Q+ Bxf8
21. Qg5 Be7 22. Qg3 Qxb2 23. cxb3 Be6 24. Qf2 Qxf2+ 25. Kxf2 Rd8 26. Rfd1 f5
27. g3 g5 28. Bc1 fxe4 29. Ke3 Bf5 30. Bb2 exd3 31. Bxe5 Rd5 32. Bc3 g4 33. a3
Bg5+ 34. Kf2 Be4 35. Bd2 Bf6 36. Rab1 Bd4+ 37. Ke1 Bf3 38. Bf4 Bxd1 39. Rxd1
Bc3+ 40. Kf2 b5 41. Ke3 c4 42. bxc4 bxc4 43. Ke4 Rb5 44. Bd6 Rb2 45. Kf4 Re2
46. Bb4 Bxb4 47. axb4 d2 48. Kxg4 c3 49. Kf3 Re1 0-1

[Event "CAN-op U2000"]
[Site "Montreal CAN"]
[Date "2014.07.21"]
[Round "4"]
[White "Villeneuve, Benoit"]
[Black "Lafleche, Alain"]
[Result "0-1"]
[WhiteElo "1745"]
[BlackElo "1702"]
[PlyCount "230"]
[EventDate "2014.07.19"]
[EventType "swiss"]
[EventRounds "9"]
[EventCountry "CAN"]

1. e4 e5 2. Nf3 Nc6 3. Bb5 a6 4. Ba4 Nf6 5. O-O Be7 6. Re1 b5 7. Bb3 O-O 8. d3
h6 9. c3 Re8 10. Nbd2 d6 11. Nf1 Bf8 12. Ng3 Na5 13. Bc2 c5 14. d4 Bb7 15. b3
cxd4 16. cxd4 Rc8 17. Bb2 Qc7 18. Rc1 Qb8 19. Qd2 Nc6 20. d5 Ne7 21. Ba3 g6 22.
Qb4 Red8 23. Bd3 Kh7 24. h4 Rc7 25. Rxc7 Qxc7 26. Rc1 Qb6 27. Qd2 Rc8 28. Rxc8
Bxc8 29. Qc2 b4 30. Bc1 Ng4 31. h5 Bd7 32. hxg6+ fxg6 33. Nf1 a5 34. Ne3 Nf6
35. Nc4 Qc7 36. Be3 Nc8 37. Nh2 g5 38. g3 Bh3 39. Qe2 Bd7 40. Kh1 Be8 41. Ng4
Nh5 42. Qf3 Bg7 43. Qg2 Bd7 44. Be2 Be8 45. Qh2 Bg6 46. f3 Qd8 47. Nf2 Bf8 48.
Nd3 Bg7 49. Ndb2 Bf6 50. Na4 Qf8 51. Nxa5 g4 52. Nc6 Bg7 53. Qg2 Nf6 54. Nxb4
h5 55. Nc3 Bh6 56. Qf2 Ng8 57. fxg4 Qxf2 58. Bxf2 Bd2 59. gxh5 Bf7 60. Nb5 Bxb4
61. g4 Bd2 62. Bh4 Kh6 63. Kg2 Bg5 64. Be1 Be8 65. Nc3 Bd7 66. a4 Nf6 67. b4
Be3 68. Kg3 Kg5 69. a5 Bf4+ 70. Kh3 Nxh5 71. Bh4+ Kg6 72. Be1 Be3 73. Kh4 Bg5+
74. Kh3 Nf4+ 75. Kg3 Nxe2+ 76. Nxe2 Na7 77. Nc3 Be3 78. Kh4 Bg1 79. Ne2 Be3 80.
Ng3 Bg5+ 81. Kh3 Be7 82. Nf5 Bf8 83. Bh4 Bb5 84. Kg3 Nc8 85. Bd8 Be2 86. Ne3
Bh6 87. Nf5 Bf4+ 88. Kf2 Ba6 89. Kf3 Bd2 90. Bc7 Bxb4 91. Bd8 Kf7 92. Nh4 Ke8
93. Bf6 Ne7 94. Ke3 Bxa5 95. Nf3 Ng6 96. g5 Bb6+ 97. Kd2 Ba5+ 98. Ke3 Nf4 99.
Nxe5 dxe5 100. Bxe5 Ng6 101. Bd4 Bd8 102. e5 Bxg5+ 103. Ke4 Bb7 104. Bc3 Ne7
105. Bd4 Bxd5+ 106. Kd3 Kf7 107. Bc5 Ke6 108. Bd4 Nc6 109. Bc3 Bf4 110. Bb2
Nxe5+ 111. Kc2 Nc4 112. Bd4 Be4+ 113. Kc3 Kd5 114. Bf2 Bd2+ 115. Kb3 Bd3 0-1

[Event "CAN-op U2000"]
[Site "Montreal CAN"]
[Date "2014.07.22"]
[Round "5"]
[White "Armstrong, Robert J"]
[Black "Robichaud, Nicolas"]
[Result "1-0"]
[WhiteElo "1645"]
[BlackElo "1715"]
[PlyCount "63"]
[EventDate "2014.07.19"]
[EventType "swiss"]
[EventRounds "9"]
[EventCountry "CAN"]

1. d4 Nf6 2. c4 g6 3. Nc3 Bg7 4. e4 d6 5. f3 O-O 6. Be3 e5 7. Nge2 c6 8. g4
Nfd7 9. h4 Nb6 10. Ng3 exd4 11. Bxd4 Bxd4 12. Qxd4 c5 13. Qd2 Nc6 14. Nd5 Nd4
15. Bg2 Nxc4 16. Qc3 b5 17. g5 Ba6 18. Nf6+ Kg7 19. a3 Ne3 20. Kf2 Nc4 21. h5
Rh8 22. hxg6 fxg6 23. Rh6 Ne5 24. Rah1 Nf7 25. Rxh7+ Rxh7 26. Rxh7+ Kf8 27. f4
Rb8 28. f5 Nxg5 29. Rh8+ Kf7 30. Rxd8 Rxd8 31. Nd5 Rb8 32. Qa5 1-0

[Event "CAN-op U2000"]
[Site "Montreal CAN"]
[Date "2014.07.22"]
[Round "5"]
[White "Krolczyk, Jacob"]
[Black "Jobin, Gilles G"]
[Result "0-1"]
[WhiteElo "1849"]
[BlackElo "1679"]
[PlyCount "54"]
[EventDate "2014.07.19"]
[EventType "swiss"]
[EventRounds "9"]
[EventCountry "CAN"]

1. Nf3 Nf6 2. g3 g6 3. Bg2 Bg7 4. O-O d5 5. d3 O-O 6. Nbd2 Nc6 7. e4 dxe4 8.
dxe4 e5 9. c3 Bg4 10. h3 Bd7 11. Re1 Qe7 12. Qc2 Rad8 13. a4 Be6 14. Ng5 Rd7
15. b3 Rfd8 16. Ndf3 h6 17. Ba3 Qe8 18. Nxe6 Qxe6 19. Kh2 Bf8 20. Bxf8 Kxf8 21.
a5 a6 22. Bf1 Qe7 23. Bc4 Qc5 24. Qa2 Rd2 25. Nxd2 Qxf2+ 26. Kh1 Rxd2 27. Re2
Qf3+ 0-1

[Event "CAN-op U2000"]
[Site "Montreal CAN"]
[Date "2014.07.22"]
[Round "5"]
[White "Lafleche, Alain"]
[Black "Nardone, Raul"]
[Result "1-0"]
[WhiteElo "1702"]
[BlackElo "1887"]
[PlyCount "135"]
[EventDate "2014.07.19"]
[EventType "swiss"]
[EventRounds "9"]
[EventCountry "CAN"]

1. e4 d5 2. exd5 Qxd5 3. Nc3 Qd6 4. d4 Nf6 5. f3 Bf5 6. Be3 a6 7. Qd2 e6 8.
O-O-O Qd8 9. g4 Bg6 10. h4 h6 11. Bd3 Bxd3 12. Qxd3 Nc6 13. a3 b5 14. g5 hxg5
15. Bxg5 b4 16. Nb1 bxa3 17. Nxa3 Nb4 18. Qb3 Rb8 19. Ne2 c6 20. Nf4 Nbd5 21.
Qa4 Qb6 22. Nc4 Qb5 23. Qa2 Nb4 24. Qb3 a5 25. Na3 a4 26. Qc4 Qxc4 27. Nxc4
Nbd5 28. Nd3 Nd7 29. Rde1 c5 30. dxc5 Nxc5 31. Nf4 Nxf4 32. Bxf4 Rb4 33. Nd6+
Ke7 34. Ne4 Nxe4 35. fxe4 Rh5 36. c3 Rb7 37. Rd1 Ke8 38. Rd4 Rhb5 39. Rhd1 e5
40. Rd8+ Ke7 41. Be3 g6 42. Bg5+ f6 43. Bxf6+ Kxf6 44. Rxf8+ Ke6 45. Rdf1 Rxb2
46. R1f6+ Ke7 47. R8f7+ Kd8 48. Rxb7 Rxb7 49. Rxg6 Rf7 50. Rg4 Rf4 51. Rg5 Rxe4
52. h5 Ke7 53. h6 Kf6 54. Rh5 Kg6 55. h7 Kxh5 56. h8=Q+ Kg5 57. Kc2 Kg4 58. Kd3
Re1 59. Qg7+ Kf3 60. Qf6+ Kg4 61. Kd2 Re4 62. Kd3 Re1 63. c4 a3 64. Qa6 Kf3 65.
c5 e4+ 66. Kd2 Rh1 67. Qxa3+ Kg4 68. Qe3 1-0

[Event "CAN-op U2000"]
[Site "Montreal CAN"]
[Date "2014.07.22"]
[Round "5"]
[White "Saha, Ananda"]
[Black "Libersan, Mattieu"]
[Result "0-1"]
[WhiteElo "1791"]
[BlackElo "1965"]
[PlyCount "80"]
[EventDate "2014.07.19"]
[EventType "swiss"]
[EventRounds "9"]
[EventCountry "CAN"]

1. d4 d5 2. c4 c6 3. Nf3 Nf6 4. Nc3 e6 5. e3 Nbd7 6. b3 Bb4 7. Bd2 O-O 8. Bd3
b6 9. O-O Bb7 10. Qc2 Rc8 11. a3 Bd6 12. e4 dxe4 13. Nxe4 Nxe4 14. Bxe4 h6 15.
Bc3 Nf6 16. Bd3 c5 17. dxc5 Bxc5 18. Rad1 Qe7 19. b4 Bxf3 20. gxf3 Bd6 21. Kh1
Rfd8 22. Rg1 Nh5 23. Rg2 Qh4 24. Rdg1 g5 25. Bd2 Nf4 26. Rg4 Qxf2 27. Bh7+ Kf8
28. Bxf4 Qxf3+ 29. R4g2 Bxf4 30. Be4 Qe3 31. Re2 Qxa3 32. Bg2 Qxb4 33. Rge1
Qxc4 34. Qh7 Qd4 35. Qxh6+ Qg7 36. Qh5 a5 37. Bh3 Rc1 38. Rxc1 Bxc1 39. Bxe6
fxe6 40. Rxe6 Bf4 0-1

[Event "CAN-op U2000"]
[Site "Montreal CAN"]
[Date "2014.07.22"]
[Round "5"]
[White "Zhou, Yuetong (Davy)"]
[Black "Gauthier, Luc"]
[Result "1/2-1/2"]
[WhiteElo "1704"]
[BlackElo "1781"]
[PlyCount "44"]
[EventDate "2014.07.19"]
[EventType "swiss"]
[EventRounds "9"]
[EventCountry "CAN"]

1. c4 f5 2. g3 Nf6 3. Nf3 e6 4. d4 Be7 5. Bg2 O-O 6. O-O d6 7. b3 Ne4 8. Nbd2
d5 9. Ne5 c6 10. Ndf3 Nd7 11. Bb2 Ndf6 12. Ne1 Nd6 13. N1d3 Nf7 14. Qc2 Nxe5
15. Nxe5 Qe8 16. a3 Nd7 17. Nd3 Bd6 18. b4 Qh5 19. Bf3 Qh3 20. Bg2 Qh5 21. Bf3
Qh3 22. Bg2 Qh5 1/2-1/2

[Event "CAN-op U2000"]
[Site "Montreal CAN"]
[Date "2014.07.23"]
[Round "6"]
[White "Armstrong, Robert J"]
[Black "Zhou, Yuetong (Davy)"]
[Result "0-1"]
[WhiteElo "1645"]
[BlackElo "1707"]
[PlyCount "82"]
[EventDate "2014.07.19"]
[EventType "swiss"]
[EventRounds "9"]
[EventCountry "CAN"]

1. d4 Nf6 2. c4 e6 3. Nf3 Bb4+ 4. Bd2 Qe7 5. a3 Bxd2+ 6. Qxd2 O-O 7. Nc3 d6 8.
e4 e5 9. d5 Nh5 10. h3 h6 11. Be2 Nf4 12. Rg1 a5 13. b3 Na6 14. b4 f5 15. Bd1
fxe4 16. Nxe4 Bf5 17. Bc2 axb4 18. axb4 Nxb4 19. Rxa8 Nxc2+ 20. Qxc2 Rxa8 21.
Nfd2 Ra1+ 22. Nb1 Qd8 23. f3 Bg6 24. Kf2 Qa8 25. Kg3 Ra2 26. Qd1 Ne2+ 27. Kh2
Nxg1 28. Kxg1 Bxe4 29. fxe4 Ra1 30. Kh2 Qa2 31. Qg4 Qf2 32. Nc3 Qf4+ 33. Qxf4
exf4 34. Nb5 Rc1 35. Nxc7 Rxc4 36. Nb5 Rxe4 37. Nxd6 Re7 38. Nc8 Rd7 39. d6 b5
40. Ne7+ Rxe7 41. dxe7 Kf7 0-1

[Event "CAN-op U2000"]
[Site "Montreal CAN"]
[Date "2014.07.23"]
[Round "6"]
[White "Gauthier, Luc"]
[Black "Sharpe, Michael"]
[Result "1-0"]
[WhiteElo "1781"]
[BlackElo "1526"]
[PlyCount "93"]
[EventDate "2014.07.19"]
[EventType "swiss"]
[EventRounds "9"]
[EventCountry "CAN"]

1. e4 c5 2. d4 cxd4 3. c3 dxc3 4. Nxc3 Nc6 5. Nf3 d6 6. Bc4 e6 7. O-O a6 8. Qe2
Nf6 9. Rd1 Qc7 10. Bf4 e5 11. Bg5 Be7 12. Rac1 Be6 13. Nd5 Qd8 14. Be3 Bxd5 15.
Bxd5 Nxd5 16. exd5 Nb8 17. Qc4 b5 18. Qg4 O-O 19. Bh6 Bf6 20. Be3 Nd7 21. Rc6
Nb8 22. Bb6 Qe7 23. Rc7 Qe8 24. Rdc1 Bd8 25. Rc8 f5 26. Qb4 Qe7 27. Bxd8 Rxd8
28. R8c7 Nd7 29. R1c6 a5 30. Qxb5 Rdb8 31. Rb7 Rxb7 32. Qxb7 Rb8 33. Rc8+ Rxc8
34. Qxc8+ Kf7 35. Ng5+ Qxg5 36. Qxd7+ Qe7 37. Qxf5+ Kg8 38. Qc8+ Kf7 39. Qa8
Qc7 40. g3 Qc1+ 41. Kg2 Qxb2 42. Qxa5 Qb8 43. a4 Qc8 44. Qb5 Qc2 45. Qd7+ Kf8
46. Qxd6+ Kg8 47. Qe6+ 1-0

[Event "CAN-op U2000"]
[Site "Montreal CAN"]
[Date "2014.07.23"]
[Round "6"]
[White "Lee, Brendon"]
[Black "Jobin, Gilles G"]
[Result "1/2-1/2"]
[WhiteElo "1875"]
[BlackElo "1679"]
[PlyCount "103"]
[EventDate "2014.07.19"]
[EventType "swiss"]
[EventRounds "9"]
[EventCountry "CAN"]

1. e4 d6 2. Nf3 Nf6 3. Nc3 e5 4. d4 exd4 5. Nxd4 Be7 6. Bc4 O-O 7. O-O Nbd7 8.
Nde2 Ne5 9. Bb3 Be6 10. Nd5 Nxe4 11. Nxe7+ Qxe7 12. Bd5 Bxd5 13. Qxd5 Nc5 14.
Be3 c6 15. Qd4 Ne6 16. Qc3 Ng4 17. Bd2 Qh4 18. h3 Nf6 19. Ng3 Qd4 20. Nf5 Qxc3
21. Bxc3 Ne4 22. Bb4 c5 23. f3 Nf6 24. Bc3 Rfd8 25. Bxf6 gxf6 26. Rad1 Rd7 27.
Rxd6 Rad8 28. Rfd1 Rxd6 29. Rxd6 Kf8 30. Kf2 b6 31. g3 Rxd6 32. Nxd6 Nd4 33. c3
Nc6 34. Nf5 Ne5 35. Ke2 Nc6 36. f4 Ke8 37. Ke3 Kd7 38. Ke4 Ke6 39. Ne3 Ne7 40.
f5+ Kd6 41. a4 Kc6 42. g4 Nc8 43. Kf4 b5 44. axb5+ Kxb5 45. b3 Nd6 46. Nd5 a5
47. c4+ Nxc4 48. bxc4+ Kxc4 49. Ke4 a4 50. Ne3+ Kc3 51. Nd1+ Kc2 52. Ne3+
1/2-1/2

[Event "CAN-op U2000"]
[Site "Montreal CAN"]
[Date "2014.07.24"]
[Round "7"]
[White "Jobin, Gilles G"]
[Black "Langlois-Remillard, Alexis"]
[Result "1-0"]
[WhiteElo "1679"]
[BlackElo "1860"]
[PlyCount "85"]
[EventDate "2014.07.19"]
[EventType "swiss"]
[EventRounds "9"]
[EventCountry "CAN"]

1. d4 Nc6 2. Nf3 d5 3. e3 Bg4 4. c3 Nf6 5. Nbd2 e6 6. Qa4 Bd6 7. Ba6 Qc8 8. Ne5
Bxe5 9. dxe5 Ne4 10. Nb3 Bd1 11. Kxd1 Nxf2+ 12. Ke2 Nxh1 13. Qxc6+ bxc6 14.
Bxc8 Rxc8 15. Bd2 Ng3+ 16. hxg3 f6 17. exf6 gxf6 18. Nc5 Ke7 19. c4 Rb8 20. Bc3
Rhg8 21. Kf3 Rg6 22. Rh1 h6 23. Rh4 Rbg8 24. Be1 e5 25. cxd5 cxd5 26. Ra4 e4+
27. Ke2 Rb8 28. b4 Ra8 29. Ra6 h5 30. Kf1 Rg5 31. Re6+ Kf7 32. Rc6 Rc8 33. Ra6
Rf5+ 34. Ke2 Rg5 35. Rxa7 h4 36. gxh4 Rxg2+ 37. Kf1 Rc2 38. Nb3 Rg8 39. Nd4 Rc1
40. Ne2 Rc2 41. Bc3 Rg4 42. Be1 Ke6 43. Nd4+ 1-0

[Event "CAN-op U2000"]
[Site "Montreal CAN"]
[Date "2014.07.24"]
[Round "7"]
[White "Lafleche, Alain"]
[Black "Low, Kevin"]
[Result "0-1"]
[WhiteElo "1702"]
[BlackElo "1528"]
[PlyCount "64"]
[EventDate "2014.07.19"]
[EventType "swiss"]
[EventRounds "9"]
[EventCountry "CAN"]

1. e4 c5 2. Nf3 d6 3. d4 cxd4 4. Nxd4 Nf6 5. Nc3 a6 6. f3 e5 7. Nb3 Be6 8. Be3
h5 9. Qd2 Be7 10. O-O-O Nbd7 11. Be2 b5 12. h3 h4 13. Bg5 Qc7 14. Kb1 Nb6 15.
a3 Nc4 16. Qe1 Rb8 17. Na2 O-O 18. Rd3 Rfc8 19. Bd1 a5 20. f4 d5 21. Nc3 d4 22.
f5 Nxa3+ 23. bxa3 Bxb3 24. cxb3 dxc3 25. Bc2 a4 26. b4 Qc4 27. Qxh4 Bxb4 28.
Rg3 Bxa3 29. Bc1 Qb4+ 30. Ka2 Bxc1 31. Rxg7+ Kxg7 32. Qg3+ Kf8 0-1

[Event "CAN-op U2000"]
[Site "Montreal CAN"]
[Date "2014.07.24"]
[Round "7"]
[White "Moran-Venegas, Mario"]
[Black "Gauthier, Luc"]
[Result "1-0"]
[WhiteElo "1704"]
[BlackElo "1781"]
[PlyCount "129"]
[EventDate "2014.07.19"]
[EventType "swiss"]
[EventRounds "9"]
[EventCountry "CAN"]

1. e4 Nf6 2. e5 Nd5 3. d4 d6 4. Nf3 Bg4 5. Be2 c6 6. c4 Nb6 7. Nc3 Bxf3 8. gxf3
dxe5 9. dxe5 Qxd1+ 10. Nxd1 e6 11. Nc3 N8d7 12. f4 O-O-O 13. Bd2 Nc5 14. O-O-O
Nd3+ 15. Bxd3 Rxd3 16. Kc2 Rd7 17. b3 Be7 18. Rhg1 g6 19. Ne4 h6 20. c5 Nd5 21.
Nd6+ Bxd6 22. exd6 Rdd8 23. Kd3 Kd7 24. b4 h5 25. a3 h4 26. Rg5 h3 27. Rdg1 Rh4
28. Ke4 Rdh8 29. Kf3 R8h7 30. R1g4 Rxg4 31. Rxg4 Rh5 32. Rg5 Rh7 33. Kg3 Nf6
34. f3 Nh5+ 35. Kf2 Ng7 36. Bc3 Nf5 37. Rg4 Rh5 38. Be5 Rh7 39. Rg1 Rh5 40. a4
a6 41. Rb1 g5 42. b5 axb5 43. axb5 gxf4 44. bxc6+ bxc6 45. Rb7+ Ke8 46. d7+ Kd8
47. Bf6+ Ne7 48. Rb8+ Kxd7 49. Rb7+ Kc8 50. Rxe7 Rxc5 51. Rxf7 Rc2+ 52. Kg1
Rc1+ 53. Kf2 Rc2+ 54. Kf1 Rxh2 55. Be5 Rh1+ 56. Kf2 Rh2+ 57. Kg1 Rg2+ 58. Kh1
Re2 59. Bxf4 e5 60. Bg3 c5 61. Rf5 Kd7 62. Rxe5 Rxe5 63. Bxe5 Ke6 64. Bb2 Kf5
65. Bc1 1-0

[Event "CAN-op U2000"]
[Site "Montreal CAN"]
[Date "2014.07.24"]
[Round "7"]
[White "Richardson, Kai"]
[Black "Armstrong, Robert J"]
[Result "1-0"]
[WhiteElo "1709"]
[BlackElo "1645"]
[PlyCount "73"]
[EventDate "2014.07.19"]
[EventType "swiss"]
[EventRounds "9"]
[EventCountry "CAN"]

1. d4 f5 2. c4 Nf6 3. Nc3 e6 4. g3 Be7 5. Bg2 O-O 6. e3 c6 7. Nge2 d5 8. c5 Ne4
9. f4 Nd7 10. Nxe4 fxe4 11. O-O Nf6 12. Nc3 Qe8 13. Bd2 Qg6 14. b4 Bd7 15. a4
a6 16. Rb1 h5 17. Bh3 Kf7 18. b5 axb5 19. axb5 Rh8 20. bxc6 bxc6 21. Na4 Ng4
22. Nb6 Rad8 23. Ra1 Bh4 24. Bxg4 hxg4 25. Nxd7 Rxd7 26. gxh4 Rxh4 27. Be1 Rh3
28. Bg3 Rd8 29. f5 exf5 30. Ra7+ Ke6 31. Rc7 Qh5 32. Rxc6+ Kf7 33. Rc7+ Ke6 34.
Qa4 Rxg3+ 35. hxg3 Rd6 36. cxd6 Qh3 37. Qe8+ 1-0

[Event "CAN-op U2000"]
[Site "Montreal CAN"]
[Date "2014.07.25"]
[Round "8"]
[White "Armstrong, Robert J"]
[Black "St-Cyr, Xavier"]
[Result "0-1"]
[WhiteElo "1645"]
[BlackElo "1730"]
[PlyCount "81"]
[EventDate "2014.07.19"]
[EventType "swiss"]
[EventRounds "9"]
[EventCountry "CAN"]

1. d4 Nf6 2. c4 e5 3. dxe5 Ng4 4. e4 Nxe5 5. Nf3 Bb4+ 6. Bd2 Bxd2+ 7. Nbxd2
Nbc6 8. Nxe5 Nxe5 9. Nf3 Nxf3+ 10. Qxf3 O-O 11. Bd3 d6 12. O-O Bd7 13. Rfe1 Qg5
14. Rad1 f6 15. Bc2 Bg4 16. Qb3 Bxd1 17. Rxd1 Qc5 18. Rd5 Qb6 19. Rb5 Qc6 20.
Rxb7 Kh8 21. Rb5 a6 22. Rh5 g6 23. Rh6 Kg7 24. Qh3 Rh8 25. b3 Qc5 26. Rh4 Rad8
27. Rf4 Qa3 28. Qf3 Qb2 29. Bd3 Qxa2 30. Bf1 Qb2 31. e5 dxe5 32. Rxf6 Rhf8 33.
Rxf8 Rxf8 34. Qe3 Qd4 35. Qxd4 exd4 36. Bd3 c5 37. Kf1 Re8 38. f3 Re3 39. Bc2
d3 40. Bd1 d2 41. Kf2 0-1

[Event "CAN-op U2000"]
[Site "Montreal CAN"]
[Date "2014.07.25"]
[Round "8"]
[White "Gauthier, Luc"]
[Black "Solis, Jaime"]
[Result "1-0"]
[WhiteElo "1781"]
[BlackElo "1733"]
[PlyCount "93"]
[EventDate "2014.07.19"]
[EventType "swiss"]
[EventRounds "9"]
[EventCountry "CAN"]

1. e4 e5 2. f4 d6 3. Nf3 Nc6 4. Bc4 Be7 5. d3 Bf6 6. Nc3 Nge7 7. O-O O-O 8. f5
Na5 9. g4 Nxc4 10. dxc4 Nc6 11. g5 Be7 12. Nd5 Re8 13. Qe1 Nd4 14. Nxd4 exd4
15. Qg3 c6 16. Nxe7+ Qxe7 17. Bd2 Rd8 18. Rae1 b6 19. f6 Qf8 20. fxg7 Qxg7 21.
Rf6 Be6 22. b3 Rd7 23. Ref1 Rc8 24. Bf4 Rcd8 25. Qh4 Re8 26. Qg3 Red8 27. Rd1
c5 28. a4 a5 29. c3 dxc3 30. Qxc3 Kf8 31. Qg3 Ke8 32. Bd2 Qg8 33. Bc3 Qf8 34.
Qh4 Qg8 35. Rh6 Rc7 36. Bf6 Kd7 37. Rxh7 Qg6 38. Bxd8 Kxd8 39. Rh6 Qg7 40.
Rxd6+ Ke7 41. Qf4 Rd7 42. Rxd7+ Kxd7 43. Rf6 Ke7 44. Qc7+ Bd7 45. Qe5+ Kd8 46.
h4 Qh7 47. Rh6 1-0

[Event "CAN-op U2000"]
[Site "Montreal CAN"]
[Date "2014.07.25"]
[Round "8"]
[White "Have, Didier"]
[Black "Jobin, Gilles G"]
[Result "1-0"]
[WhiteElo "1992"]
[BlackElo "1679"]
[PlyCount "123"]
[EventDate "2014.07.19"]
[EventType "swiss"]
[EventRounds "9"]
[EventCountry "CAN"]

1. e4 d6 2. d4 Nf6 3. Nc3 c6 4. Be3 e5 5. dxe5 dxe5 6. Qxd8+ Kxd8 7. O-O-O+ Ke8
8. f3 Be6 9. h4 h5 10. Nh3 Bxh3 11. Rxh3 Bb4 12. Bc4 Nbd7 13. Rhh1 Nb6 14. Bb3
Nfd7 15. a3 Bc5 16. Bd2 Ke7 17. Rhf1 Bd6 18. g3 Nc5 19. Ba2 Rhf8 20. Be3 Nbd7
21. Rd2 b6 22. Rfd1 Nb7 23. Ne2 Rad8 24. Kb1 Bc5 25. Bxc5+ Ndxc5 26. Nc3 Rxd2
27. Rxd2 Rd8 28. Kc1 Rxd2 29. Kxd2 Nd6 30. Ke3 Ne6 31. f4 f6 32. Bxe6 Kxe6 33.
f5+ Kd7 34. b3 a6 35. Na4 Kc7 36. c4 Nb7 37. b4 a5 38. c5 b5 39. Nb2 a4 40. Nd3
Kd7 41. Kf3 Nd8 42. g4 hxg4+ 43. Kxg4 Ke7 44. Kh5 Kf7 45. Ne1 Nb7 46. Kg4 Kg8
47. h5 Nd8 48. Nf3 Nf7 49. Kh4 Kh7 50. Kg4 Kg8 51. Nh4 Ng5 52. Ng6 Kf7 53.
Nxe5+ Ke8 54. Nxc6 Nxe4 55. Nd4 Nc3 56. Kf3 Ke7 57. Ke3 Nd5+ 58. Ke4 Nc3+ 59.
Kd3 Nd5 60. Nxb5 Nf4+ 61. Ke4 Nxh5 62. Nc3 1-0

[Event "CAN-op U2000"]
[Site "Montreal CAN"]
[Date "2014.07.25"]
[Round "8"]
[White "Leblanc, Paul"]
[Black "Lafleche, Alain"]
[Result "1-0"]
[WhiteElo "1893"]
[BlackElo "1702"]
[PlyCount "52"]
[EventDate "2014.07.19"]
[EventType "swiss"]
[EventRounds "9"]
[EventCountry "CAN"]

1. d4 d5 2. c4 Nc6 3. Nf3 Bg4 4. e3 Nf6 5. Nc3 e6 6. cxd5 exd5 7. Be2 Bd6 8.
O-O Qd7 9. Bd2 a6 10. a4 O-O 11. a5 Rae8 12. Qb3 Bb4 13. Ne5 Rxe5 14. dxe5 Bxe2
15. Nxe2 Bxd2 16. exf6 Qg4 17. fxg7 Re8 18. Ng3 h5 19. Qxd5 Ne5 20. Qxd2 h4 21.
f3 Qg6 22. Ne2 Nc4 23. Qd7 Rxe3 24. Qd8+ Kxg7 25. Qd4+ Kh7 26. Qxh4+ Kg8 1-0